[Event "Winter TNM"]
[Site "San Francisco"]
[Date "2006.01.24"]
[Round "3"]
[White "Ladyzhensky, Boris"]
[Black "Regan, Jack"]
[Result "1-0"]
[WhiteElo "1744"]
[BlackElo "1564"]
[PlyCount "102"]
[EventDate "2006.01.10"]
[EventType "swiss"]
[EventRounds "8"]
[EventCountry "USA"]

1. e4 c6 2. d4 d5 3. exd5 cxd5 4. c4 Nf6 5. Nc3 Bg4 6. Be2 Bxe2 7. Qxe2 Nc6 8.
cxd5 Nxd5 9. Nf3 g6 10. O-O Bg7 11. Qb5 Nxc3 12. bxc3 Qd7 13. Rb1 b6 14. Ba3
O-O 15. d5 Ne5 16. Qxd7 Nxd7 17. c4 Rac8 18. Rbc1 Nc5 19. Rfd1 Rc7 20. Nd4 Bxd4
21. Rxd4 Rfc8 22. h4 e6 23. d6 Rd7 24. g3 Rc6 25. Rcd1 e5 26. Rd5 e4 27. Kg2 f6
28. h5 Kf7 29. h6 Ke6 30. R5d4 f5 31. f3 Rcxd6 32. Rxd6+ Rxd6 33. Rxd6+ Kxd6
34. Kf2 exf3 35. Kxf3 a6 36. Ke3 Kc6 37. Kd4 Nd7 38. Bb4 Nf6 39. a3 Nh5 40. Be1
Kd6 41. a4 Nf6 42. Bd2 Ne4 43. Bf4+ Kc6 44. g4 g5 45. gxf5 gxf4 46. Kxe4 f3 47.
Kxf3 Kd6 48. Ke4 Ke7 49. Kd4 a5 50. f6+ Kf7 51. Ke5 Kf8 1-0

[Event "Winter TNM"]
[Site "San Francisco"]
[Date "2006.01.24"]
[Round "3"]
[White "Litowsky, Dan"]
[Black "Allen, Tom"]
[Result "1-0"]
[WhiteElo "1700"]
[BlackElo "1487"]
[PlyCount "83"]
[EventDate "2006.01.10"]
[EventType "swiss"]
[EventRounds "8"]
[EventCountry "USA"]

1. e4 e5 2. Nc3 Nf6 3. Bc4 Nc6 4. a3 Be7 5. d3 Nd4 6. Nf3 Nxf3+ 7. Qxf3 d6 8.
h3 O-O 9. O-O Be6 10. Nd5 c6 11. Nxe7+ Qxe7 12. Ba2 h6 13. Be3 Kh8 14. c3 Nh7
15. Qh5 f5 16. exf5 Rxf5 17. Qe2 Bxa2 18. Rxa2 Ng5 19. b4 Ne6 20. Qg4 Qf7 21.
g3 Rf8 22. Rd2 Rf3 23. Re2 Rf6 24. a4 Nf4 25. Bxf4 exf4 26. Kh2 fxg3+ 27. Qxg3
Rg6 28. Qe3 Rf6 29. Qxa7 Rf3 30. Qd4 Qh5 31. Qg4 Rxh3+ 32. Qxh3 Qxe2 33. Kg1
Qe5 34. d4 Qg5+ 35. Qg3 Qd5 36. Re1 Rf3 37. Qg6 Rf8 38. Re7 Qg5+ 39. Qxg5 hxg5
40. Rxb7 Ra8 41. a5 Ra6 42. Rb6 1-0

[Event "Winter TNM"]
[Site "San Francisco"]
[Date "2006.01.24"]
[Round "3"]
[White "Lupton, Stephen"]
[Black "Guarino, Robert"]
[Result "0-1"]
[WhiteElo "1326"]
[BlackElo "1587"]
[PlyCount "110"]
[EventDate "2006.01.10"]
[EventType "swiss"]
[EventRounds "8"]
[EventCountry "USA"]

1. e4 e6 2. d3 d5 3. Nd2 Nf6 4. e5 Nfd7 5. d4 c5 6. c3 Nc6 7. Ndf3 Qb6 8. Rb1
f6 9. Bf4 cxd4 10. Nxd4 fxe5 11. Nxc6 bxc6 12. Bxe5 Nxe5 13. Qh5+ Ng6 14. Bd3
h6 15. Bxg6+ Kd8 16. Qe5 Qc7 17. Nf3 Bd6 18. Qh5 Ba6 19. Rd1 c5 20. Qh4+ Kd7
21. Bd3 c4 22. Be2 Rab8 23. Rd2 g5 24. Qg4 Bf4 25. Rxd5+ Ke7 26. Rd4 Rxb2 27.
g3 Be5 28. Nxe5 Qxe5 29. Qe4 Qxe4 30. Rxe4 Bb7 31. Bf3 Bxe4 32. Bxe4 Rxa2 33.
O-O Rd8 34. Re1 Rdd2 35. Rf1 Ra3 36. Re1 Raa2 37. Rf1 a5 38. Bc6 Rdc2 39. Rd1
Rxf2 40. Bb5 Rg2+ 41. Kf1 Rxh2 42. Kg1 Rag2+ 43. Kf1 Rxg3 44. Bxc4 Rh1+ 45. Ke2
Rxd1 46. Kxd1 Rxc3 47. Be2 Re3 48. Bg4 Rg3 49. Be2 Rg2 50. Bf3 Rh2 51. Kc1 Kd6
52. Bg4 e5 53. Bf3 Kc5 54. Bd1 Rh1 55. Kd2 Rxd1+ 0-1

[Event "Winter TNM"]
[Site "San Francisco"]
[Date "2006.01.24"]
[Round "3"]
[White "Oca, Homer"]
[Black "Snyder, Larry"]
[Result "1/2-1/2"]
[WhiteElo "1678"]
[BlackElo "2062"]
[PlyCount "114"]
[EventDate "2006.01.10"]
[EventType "swiss"]
[EventRounds "8"]
[EventCountry "USA"]

1. a3 Nf6 2. h3 e5 3. e3 d5 4. g4 c5 5. d3 Nc6 6. Nd2 Be7 7. Bg2 h6 8. e4 Be6
9. b3 Qd7 10. Bb2 O-O-O 11. Qe2 Nd4 12. Bxd4 exd4 13. O-O-O dxe4 14. Nxe4 Rhe8
15. Kb2 Nd5 16. Qd2 Qb5 17. Ne2 Kb8 18. Nf4 Nxf4 19. Qxf4+ Ka8 20. Rhe1 Qd7 21.
Qd2 f5 22. gxf5 Bxf5 23. h4 Rc8 24. Qf4 Bg4 25. f3 Be6 26. Re2 Rf8 27. Qg3 Rf7
28. Rde1 Bf5 29. Qe5 Bxe4 30. Qxe4 a6 31. f4 Bxh4 32. Rh1 Qe7 33. Qf3 Qd8 34.
Qg4 Bf6 35. Re6 Ka7 36. f5 Re7 37. Rhe1 Rcc7 38. R1e4 Rxe6 39. Rxe6 Re7 40. Qe4
Qd7 41. a4 Rxe6 42. fxe6 Qe7 43. a5 Kb8 44. Qf4+ Qc7 45. Qe4 Kc8 46. Bh3 Kd8
47. Qd5+ Ke7 48. Bf5 Qc6 49. Qc4 Be5 50. Be4 Qc7 51. Qd5 Bd6 52. Qf5 Ke8 53.
Qh5+ Kd8 54. Bd5 Qxa5 55. Qf7 Qc3+ 56. Kb1 Qe1+ 57. Ka2 Qa5+ 1/2-1/2

[Event "Winter TNM"]
[Site "San Francisco"]
[Date "2006.01.24"]
[Round "3"]
[White "Parker, Frank"]
[Black "Braden, Brian"]
[Result "1/2-1/2"]
[WhiteElo "1835"]
[BlackElo "1160"]
[PlyCount "88"]
[EventDate "2006.01.10"]
[EventType "swiss"]
[EventRounds "8"]
[EventCountry "USA"]

1. d4 d5 2. Nf3 e6 3. c4 c6 4. e3 Nf6 5. Bd3 Be7 6. O-O Nbd7 7. Nc3 O-O 8. Re1
c5 9. cxd5 cxd4 10. dxe6 dxc3 11. exd7 cxb2 12. dxc8=Q bxa1=Q 13. Qxd8 Rfxd8
14. Qb3 Rxd3 15. Qxd3 Qxa2 16. Qb5 Qd5 17. Qb1 a5 18. e4 Qc6 19. Bf4 Bb4 20.
Rc1 Qxe4 21. Qxe4 Nxe4 22. Rc7 Rd8 23. Kf1 Nc5 24. Be3 b6 25. Nd4 Ne6 26. Nxe6
fxe6 27. Bxb6 Ra8 28. Bc5 Bxc5 29. Rxc5 a4 30. Rc2 a3 31. Ra2 Kf7 32. Ke2 Kf6
33. Kd3 Ke5 34. Kc3 Kd5 35. Kb3 Kd4 36. Rd2+ Ke4 37. Ka2 g5 38. Rd7 h5 39. f3+
Ke3 40. Rg7 Kf4 41. Rf7+ Ke3 42. Rg7 Kf4 43. Rf7+ Ke3 44. Rg7 Kf4 1/2-1/2

[Event "Winter TNM"]
[Site "San Francisco"]
[Date "2006.01.24"]
[Round "3"]
[White "Riese, Kayven"]
[Black "Dunham, Tom"]
[Result "0-1"]
[WhiteElo "1858"]
[BlackElo "1304"]
[PlyCount "52"]
[EventDate "2006.01.10"]
[EventType "swiss"]
[EventRounds "8"]
[EventCountry "USA"]

1. e4 c5 2. Nf3 d6 3. d4 cxd4 4. Nxd4 Nf6 5. Nc3 a6 6. Bg5 e6 7. f4 Qb6 8. Nb3
Be7 9. Qf3 Nbd7 10. O-O-O Qc7 11. Bd3 b5 12. g4 b4 13. Ne2 Bb7 14. Bxf6 Nxf6
15. g5 Nd7 16. Rhg1 a5 17. Kb1 a4 18. Nbc1 Rc8 19. Qh5 g6 20. Qf3 O-O 21. h4
Nc5 22. Rd2 d5 23. Ng3 Rfd8 24. e5 a3 25. Rh2 axb2 26. Kxb2 Na4+ 0-1

[Event "Winter TNM"]
[Site "San Francisco"]
[Date "2006.01.24"]
[Round "3"]
[White "Salinas, Chad"]
[Black "Margulis, Igor"]
[Result "1/2-1/2"]
[WhiteElo "1958"]
[BlackElo "2200"]
[PlyCount "95"]
[EventDate "2006.01.10"]
[EventType "swiss"]
[EventRounds "8"]
[EventCountry "USA"]

1. d4 d6 2. c4 e5 3. Nf3 e4 4. Nfd2 f5 5. e3 Nf6 6. Nc3 g6 7. Be2 Bg7 8. f3
exf3 9. Bxf3 Qe7 10. Qe2 c6 11. b3 O-O 12. O-O Na6 13. Ba3 Bd7 14. Rad1 Rae8
15. e4 fxe4 16. Ndxe4 Nxe4 17. Bxe4 Rxf1+ 18. Qxf1 Bf5 19. Bxf5 Qe3+ 20. Qf2
Qxc3 21. Bb2 Qe3 22. Qxe3 Rxe3 23. Kf2 Re7 24. Bb1 Nc7 25. Rd3 Ne6 26. Bc3 Nf4
27. Rd2 Bh6 28. Rb2 Rf7 29. Kg1 Bg7 30. g3 Ne6 31. Rd2 c5 32. d5 Bxc3 33. dxe6
Bxd2 34. exf7+ Kxf7 35. Be4 b6 36. Kf2 Ke6 37. Ke2 Bb4 38. h4 Ke5 39. Bb1 Kf6
40. h5 Bc3 41. hxg6 hxg6 42. Kf3 g5 43. Ke4 Ke6 44. g4 a6 45. a4 Be5 46. Bd3
Bf4 47. Be2 Bc1 48. Bd3 1/2-1/2

[Event "Winter TNM"]
[Site "San Francisco"]
[Date "2006.01.24"]
[Round "3"]
[White "Sanguinetti, George"]
[Black "Woebcke, Carl"]
[Result "1-0"]
[WhiteElo "1954"]
[BlackElo "1670"]
[PlyCount "57"]
[EventDate "2006.01.10"]
[EventType "swiss"]
[EventRounds "8"]
[EventCountry "USA"]

1. e4 c5 2. Nf3 d6 3. c3 Nc6 4. Be2 Nf6 5. d4 cxd4 6. cxd4 e6 7. Nc3 Be7 8. O-O
O-O 9. a3 a6 10. b4 b5 11. h3 Bb7 12. Re1 Rc8 13. Bb2 Qb6 14. Qd3 Rfd8 15. Rad1
Bf8 16. Rd2 g6 17. Bd1 Bg7 18. Bb3 Kf8 19. Ng5 h6 20. Nxe6+ fxe6 21. Bxe6 Ne5
22. dxe5 dxe5 23. Bd5 Rd7 24. Qf3 Rcd8 25. Red1 Ke7 26. g4 Rf8 27. Qg3 Rfd8 28.
Qxe5+ Kf8 29. Qf4 {B time exp} 1-0

[Event "Winter TNM"]
[Site "San Francisco"]
[Date "2006.01.24"]
[Round "3"]
[White "Shankland, Sam"]
[Black "Samatra, Mario"]
[Result "1-0"]
[WhiteElo "2012"]
[BlackElo "1900"]
[PlyCount "91"]
[EventDate "2006.01.10"]
[EventType "swiss"]
[EventRounds "8"]
[EventCountry "USA"]

1. e4 c5 2. Nf3 Nc6 3. d4 cxd4 4. Nxd4 g6 5. Nc3 Bg7 6. Be3 Nf6 7. Bc4 O-O 8.
Bb3 a5 9. f3 d5 10. exd5 Nb4 11. Nde2 a4 12. Nxa4 Nbxd5 13. Bd2 Bd7 14. Nac3
Bc6 15. Nxd5 Nxd5 16. c4 Nc7 17. Bc3 Bxc3+ 18. Nxc3 Qb8 19. O-O Ne6 20. Qe1 Re8
21. Bc2 Nd4 22. Be4 Qc7 23. Qf2 e5 24. Bxc6 bxc6 25. f4 Nf5 26. g4 Nh6 27. Qh4
Kg7 28. f5 Ng8 29. f6+ Kh8 30. g5 Qb6+ 31. Qf2 Qd4 32. c5 Qg4+ 33. Qg2 Qd4+ 34.
Kh1 Qxc5 35. Ne4 Qf8 36. Rfd1 Red8 37. a3 Rxd1+ 38. Rxd1 Rd8 39. Qc2 Rd5 40.
Rxd5 cxd5 41. Qc5 Qa8 42. Nd6 d4+ 43. Kg1 h6 44. Nxf7+ Kh7 45. Nxh6 Qd8 46.
Qa7+ 1-0

[Event "Winter TNM"]
[Site "San Francisco"]
[Date "2006.01.24"]
[Round "3"]
[White "Sherwood, Peter"]
[Black "Livschitz, Jennifer"]
[Result "0-1"]
[WhiteElo "1742"]
[BlackElo "1315"]
[PlyCount "90"]
[EventDate "2006.01.10"]
[EventType "swiss"]
[EventRounds "8"]
[EventCountry "USA"]

1. e4 e5 2. Nf3 Nc6 3. Bb5 a6 4. Ba4 Nf6 5. O-O Be7 6. Re1 b5 7. Bb3 O-O 8. h3
d6 9. c3 Na5 10. Bc2 c5 11. d4 Qc7 12. Nbd2 Bd7 13. Nf1 Rfc8 14. d5 b4 15. cxb4
cxb4 16. Bd3 Qb6 17. Be3 Qb7 18. Qe2 Bb5 19. Ng3 Bxd3 20. Qxd3 Nc4 21. Qb1 Nxe3
22. Rxe3 Bd8 23. Nf5 Qd7 24. Nd2 Bb6 {draw offer} 25. Rg3 Nh5 26. Rg5 g6 27.
Ng3 Nxg3 28. Rxg3 h5 29. Qd1 Kh7 30. Nf3 Bd8 31. Qd2 Qa4 32. b3 Qa3 33. Ne1 Ra7
34. Nd3 a5 35. Nb2 Bh4 36. Rf3 Bg5 37. Qe2 Rc3 38. Nc4 Rxc4 39. Qxc4 Qb2 40.
Qf1 Rc7 41. Qb1 Rc1+ 42. Qxc1 Bxc1 43. Rxc1 Qxc1+ 44. Kh2 Kg7 45. g4 hxg4 0-1

[Event "Winter TNM"]
[Site "San Francisco"]
[Date "2006.01.24"]
[Round "3"]
[White "Standen, Julian"]
[Black "Karnad, Josh"]
[Result "1/2-1/2"]
[WhiteElo "1669"]
[BlackElo "1800"]
[PlyCount "25"]
[EventDate "2006.01.10"]
[EventType "swiss"]
[EventRounds "8"]
[EventCountry "USA"]

1. d4 Nf6 2. Nf3 g6 3. Bg5 Bg7 4. Nbd2 O-O 5. e4 d5 6. Be2 c5 7. c3 Nbd7 8. O-O
Qb6 9. Qb3 e6 10. Qxb6 Nxb6 11. a4 a6 12. a5 Nbd7 13. Rfc1 {
remainder illegible; draw in 30 moves} 1/2-1/2

[Event "Winter TNM"]
[Site "San Francisco"]
[Date "2006.01.24"]
[Round "3"]
[White "Thornally, Frank"]
[Black "Sainz, Guadalupe"]
[Result "1-0"]
[WhiteElo "2200"]
[BlackElo "1694"]
[PlyCount "39"]
[EventDate "2006.01.10"]
[EventType "swiss"]
[EventRounds "8"]
[EventCountry "USA"]

1. Nf3 Nf6 2. c4 e6 3. g3 d5 4. Bg2 c6 5. b3 Nbd7 6. Bb2 Bd6 7. d4 O-O 8. O-O
Re8 9. Nc3 e5 10. cxd5 cxd5 11. dxe5 Nxe5 12. Nxd5 Nxd5 13. Qxd5 Qe7 14. Rfd1
Nxf3+ 15. Bxf3 Rd8 16. Rac1 Rb8 17. Ba3 Bxa3 18. Qxd8+ Qf8 19. Qxf8+ Kxf8 20.
Rd8+ 1-0

[Event "Winter TNM"]
[Site "San Francisco"]
[Date "2006.01.24"]
[Round "3"]
[White "Todortsev, Victor"]
[Black "Petrison, John"]
[Result "1-0"]
[WhiteElo "1962"]
[BlackElo "2092"]
[PlyCount "20"]
[EventDate "2006.01.10"]
[EventType "swiss"]
[EventRounds "8"]
[EventCountry "USA"]

1. Nf3 d5 2. c4 e6 3. Nc3 Nf6 4. e3 Nbd7 5. d4 c6 6. Bd3 dxc4 7. Bxc4 b5 8. Bd3
a6 9. O-O c5 10. Re1 Bb7 {remainder incorrect or illegible} 1-0

[Event "Winter TNM"]
[Site "San Francisco"]
[Date "2006.01.24"]
[Round "3"]
[White "Traub, Igor"]
[Black "Dorn, Richard"]
[Result "0-1"]
[WhiteElo "2074"]
[BlackElo "1933"]
[PlyCount "64"]
[EventDate "2006.01.10"]
[EventType "swiss"]
[EventRounds "8"]
[EventCountry "USA"]

1. e4 e5 2. Nf3 Nf6 3. Nxe5 d6 4. Nf3 Nxe4 5. d3 Nf6 6. d4 d5 7. h3 Bd6 8. Bd3
O-O 9. O-O Nbd7 10. Nc3 c5 11. Nb5 Bb8 12. c3 a6 13. Na3 Qc7 14. Re1 b5 15. Bg5
Bb7 16. Re7 Ne4 17. Bxe4 dxe4 18. Ne5 Bc8 19. Qh5 Qd6 20. Rxf7 Nxe5 21. Rxf8+
Kxf8 22. dxe5 Qxe5 23. Rd1 Bc7 24. f4 Qf5 25. g4 Qg6 26. Qh4 h6 27. Be7+ Kg8
28. Bxc5 Bxf4 29. Rd8+ Kh7 30. Bd4 Bg5 31. Qf2 Bxd8 32. Qf8 Bg5 0-1

[Event "Winter TNM"]
[Site "San Francisco"]
[Date "2006.01.24"]
[Round "3"]
[White "Wilkerson, Max"]
[Black "Naroditsky, Alan"]
[Result "1/2-1/2"]
[WhiteElo "1900"]
[BlackElo "1660"]
[PlyCount "85"]
[EventDate "2006.01.10"]
[EventType "swiss"]
[EventRounds "8"]
[EventCountry "USA"]

1. c4 Nf6 2. Nf3 e6 3. Nc3 d5 4. e3 c5 5. cxd5 exd5 6. d4 Be7 7. dxc5 Bxc5 8.
Be2 O-O 9. O-O Be6 10. Qc2 Qe7 11. Bd2 Nc6 12. a3 a5 13. Rac1 Rfd8 14. Nb5 Bb6
15. Bd3 Rac8 16. Bc3 h6 17. Qb1 Bd7 18. b3 Ng4 19. Qb2 f6 20. Rce1 Nce5 21.
Nxe5 Nxe5 22. Be2 Bxb5 23. Bxb5 Rc5 24. Be2 Rdc8 25. Bd4 Rc2 26. Qa1 Bc5 27.
Bxe5 Qxe5 28. Bf3 Rd8 29. Qb1 Rb2 30. Qd3 d4 31. Qc4+ Kh8 32. exd4 Qxd4 33. Rd1
Qxc4 34. Rxd8+ Qg8 35. Rxg8+ Kxg8 36. Bxb7 Bxa3 37. Bd5+ Kf8 38. Rc1 Bc5 39.
Rf1 Ke7 40. g3 Kd6 41. Bc4 Bd4 42. Kg2 Kc5 43. Bf7 {
remainder illegible; draw in about 10 more moves} 1/2-1/2

[Event "Winter TNM"]
[Site "San Francisco"]
[Date "2006.01.24"]
[Round "3"]
[White "Wong, Russell"]
[Black "Naroditsky, Daniel"]
[Result "1/2-1/2"]
[WhiteElo "2200"]
[BlackElo "1880"]
[PlyCount "46"]
[EventDate "2006.01.10"]
[EventType "swiss"]
[EventRounds "8"]
[EventCountry "USA"]

1. e4 c5 2. Nf3 d6 3. Bc4 e6 4. Nc3 Nf6 5. e5 dxe5 6. Nxe5 Nbd7 7. Nxd7 Bxd7 8.
O-O Bd6 9. Qf3 Qc7 10. h3 a6 11. Re1 O-O 12. Ne4 Nxe4 13. Qxe4 Bc6 14. Qg4 b5
15. Bf1 f5 16. Qd1 Rf6 17. d4 c4 18. Be2 Qb7 19. Bf3 Rg6 20. Kf1 Rd8 21. Bxc6
Qxc6 22. Qf3 Qxf3 23. gxf3 Be7 {remainder illegible} 1/2-1/2

[Event "Winter TNM"]
[Site "San Francisco"]
[Date "2006.01.31"]
[Round "4"]
[White "Bertot, German"]
[Black "Dembling, Arthur"]
[Result "0-1"]
[WhiteElo "1438"]
[BlackElo "1674"]
[PlyCount "105"]
[EventDate "2006.01.10"]
[EventType "swiss"]
[EventRounds "8"]
[EventCountry "USA"]

1. d4 Nf6 2. c4 e6 3. Nc3 Bb4 4. Qc2 O-O 5. a3 Bxc3+ 6. Qxc3 b6 7. Nf3 Bb7 8.
g3 d6 9. Bg2 Nbd7 10. O-O Ne4 11. Qc2 f5 12. Ng5 Nxg5 13. Bxb7 Rb8 14. Bg2 Qe7
15. Qa4 Ne4 16. f3 Nef6 17. Rd1 a5 18. Qc2 c5 19. dxc5 Nxc5 20. b4 Nb7 21. Be3
Qc7 22. Qb3 Rbc8 23. Rac1 Qd8 24. c5 d5 25. cxb6 Qe7 26. Qa4 axb4 27. Qxb4 Qxb4
28. axb4 Nd6 29. Bd4 Nc4 30. Ra1 Rb8 31. Ra6 Rb7 32. Rc1 Rfb8 33. Bf1 Nd7 34.
Kf2 Ndxb6 35. Bc5 Kf7 36. e3 Ke8 37. Bxb6 Rxb6 38. Rxb6 Nxb6 39. Rc6 Kf7 40.
Rc7+ Kf6 41. Ba6 Ra8 42. b5 Rb8 43. Rb7 Rxb7 44. Bxb7 Ke7 45. Ke2 Kd6 46. Kd3
g5 47. Kd4 e5+ 48. Kd3 h6 49. h3 Nc4 50. e4 dxe4+ 51. fxe4 f4 52. gxf4 gxf4 53.
Ke2 {B traded on b5 and won in a few more moves} 0-1

[Event "Winter TNM"]
[Site "San Francisco"]
[Date "2006.01.31"]
[Round "4"]
[White "Brown, Nicholas"]
[Black "Purcell, Brendan"]
[Result "0-1"]
[WhiteElo "1461"]
[BlackElo "1874"]
[PlyCount "108"]
[EventDate "2006.01.10"]
[EventType "swiss"]
[EventRounds "8"]
[EventCountry "USA"]

1. d4 d5 2. c4 c6 3. Nf3 Nf6 4. Nc3 a6 5. e3 b5 6. b3 Bg4 7. Be2 e6 8. O-O Nbd7
9. cxd5 cxd5 10. Bb2 Be7 11. Nd2 Bxe2 12. Qxe2 O-O 13. a3 Qb8 14. b4 Bd6 15.
Nf3 Rc8 16. Rac1 Nb6 17. e4 Bf4 18. Rc2 Nc4 19. Nd1 dxe4 20. Ne5 Nxb2 21. Rxc8+
Qxc8 22. Nxb2 Qc3 23. g3 Bxe5 24. dxe5 Qxe5 25. Rc1 h6 26. Nd3 Qh5 27. Nf4 Qxe2
28. Nxe2 a5 29. Nd4 axb4 30. axb4 Ra4 31. Nxb5 Rxb4 32. Nd6 Rb8 33. Rc4 Rd8 34.
Nxe4 Nxe4 35. Rxe4 Kf8 36. Kg2 Ke7 37. Rb4 f6 38. Rb7+ Rd7 39. Rb8 e5 40. Rb2
f5 41. Re2 Ke6 42. f4 e4 43. h3 h5 44. h4 g6 45. Rb2 Rd6 46. Kf2 Ra6 47. Rb3
Kd5 48. Ke3 Kc4 49. Rb1 Ra3+ 50. Kf2 Ra2+ 51. Ke3 Rg2 52. Rc1+ Kd5 53. Rd1+ Ke6
54. Rb1 Rxg3+ 0-1

[Event "Winter TNM"]
[Site "San Francisco"]
[Date "2006.01.31"]
[Round "4"]
[White "Dorn, Richard"]
[Black "Salinas, Chad"]
[Result "0-1"]
[WhiteElo "1933"]
[BlackElo "1958"]
[PlyCount "56"]
[EventDate "2006.01.10"]
[EventType "swiss"]
[EventRounds "8"]
[EventCountry "USA"]

1. c4 e6 2. Nc3 d5 3. cxd5 exd5 4. Nf3 c5 5. d4 Nc6 6. g3 Nf6 7. Bg2 Be7 8. O-O
O-O 9. Bg5 cxd4 10. Nxd4 h6 11. Nxc6 bxc6 12. Bxf6 Bxf6 13. Rc1 Bg4 14. Qa4 Qd7
15. h3 Be6 16. Rfd1 Rac8 17. b3 Bxh3 18. Bxh3 Qxh3 19. Qxa7 Qg4 20. Qa6 Rfe8
21. Rd3 d4 22. Na4 Rxe2 23. Nc5 Rce8 24. Qxc6 Re1+ 25. Rxe1 Rxe1+ 26. Kg2 Qh5
27. Qc8+ Kh7 28. Qh3 Rg1+ 0-1

[Event "Winter TNM"]
[Site "San Francisco"]
[Date "2006.01.31"]
[Round "4"]
[White "Dunham, Tom"]
[Black "Parker, Frank"]
[Result "1-0"]
[WhiteElo "1304"]
[BlackElo "1835"]
[PlyCount "53"]
[EventDate "2006.01.10"]
[EventType "swiss"]
[EventRounds "8"]
[EventCountry "USA"]

1. e4 c6 2. d4 d5 3. e5 Bf5 4. Nc3 e6 5. g4 Bg6 6. Nge2 Bb4 7. h4 Be4 8. Rh3 h5
9. Ng3 hxg4 10. Qxg4 g6 11. Ngxe4 dxe4 12. Bd2 Bxc3 13. Bxc3 Nh6 14. Qxe4 Nf5
15. O-O-O Nd7 16. Bg2 Rxh4 17. Rxh4 Qxh4 18. Qxh4 Nxh4 19. Be4 O-O-O 20. Bb4 c5
21. dxc5 Nxe5 22. Rxd8+ Kxd8 23. Bxb7 Kd7 24. Ba3 Nf5 25. Ba6 g5 26. Kd2 Ng4
27. f3 1-0

[Event "Winter TNM"]
[Site "San Francisco"]
[Date "2006.01.31"]
[Round "4"]
[White "Grey, Peter"]
[Black "Jones, Ian"]
[Result "1-0"]
[WhiteElo "2000"]
[BlackElo "1754"]
[PlyCount "97"]
[EventDate "2006.01.10"]
[EventType "swiss"]
[EventRounds "8"]
[EventCountry "USA"]

1. e4 e5 2. Nf3 Nc6 3. Bb5 a6 4. Ba4 Nf6 5. O-O Bc5 6. c3 b5 7. Bb3 d6 8. d4
Bb6 9. h3 Bb7 10. Re1 O-O 11. Bg5 h6 12. Bh4 Re8 13. d5 Nb8 14. a4 Nbd7 15.
axb5 axb5 16. Na3 g5 17. Bg3 Nc5 18. Bc2 c6 19. b4 Na6 20. dxc6 Bxc6 21. Bd3
Qd7 22. Qe2 Reb8 23. Nxb5 Bxb5 24. Bxb5 Bxf2+ 25. Bxf2 Qxb5 26. Qxb5 Rxb5 27.
Nd2 Rbb8 28. Nc4 Nxe4 29. Rxe4 d5 30. Rxe5 dxc4 31. Rea5 Nc7 32. Bg3 Rxa5 33.
bxa5 Rc8 34. Bxc7 Rxc7 35. a6 Ra7 36. Kf2 Kg7 37. Ke3 Kg6 38. Kd4 h5 39. Kc5 f5
40. Kb6 Ra8 41. Kb7 Rf8 42. a7 g4 43. hxg4 hxg4 44. a8=Q Rxa8 45. Kxa8 f4 46.
Kb7 Kf5 47. Kc6 Ke4 48. Kc5 Kd3 49. Rf1 1-0

[Event "Winter TNM"]
[Site "San Francisco"]
[Date "2006.01.31"]
[Round "4"]
[White "Karnad, Josh"]
[Black "Braden, Brian"]
[Result "1-0"]
[WhiteElo "1800"]
[BlackElo "1160"]
[PlyCount "51"]
[EventDate "2006.01.10"]
[EventType "swiss"]
[EventRounds "8"]
[EventCountry "USA"]

1. e4 e5 2. Nc3 Nf6 3. f4 Bb4 4. Nf3 Bxc3 5. bxc3 Nxe4 6. Bd3 Nc5 7. fxe5 d6 8.
O-O Nxd3 9. cxd3 Bg4 10. Qb3 b6 11. exd6 Qxd6 12. Ba3 Be6 13. Qa4+ Bd7 14.
Rae1+ Kd8 15. Qh4+ Qf6 16. Be7+ Qxe7 17. Qxe7+ Kc8 18. Qxf7 Kb7 19. Re7 Rd8 20.
Ne5 Nc6 21. Nxd7 Nxe7 22. Qxe7 Re8 23. Qxg7 Rad8 24. Rf4 Kc6 25. Ne5+ Kd6 26.
Nc4+ 1-0

[Event "Winter TNM"]
[Site "San Francisco"]
[Date "2006.01.31"]
[Round "4"]
[White "Kleiman, Charles"]
[Black "D'Aloisio, Tony"]
[Result "0-1"]
[WhiteElo "1878"]
[BlackElo "2222"]
[PlyCount "74"]
[EventDate "2006.01.10"]
[EventType "swiss"]
[EventRounds "8"]
[EventCountry "USA"]

1. d4 Nf6 2. c4 g6 3. Nc3 Bg7 4. e4 d6 5. Nf3 O-O 6. Be2 e5 7. dxe5 dxe5 8.
Qxd8 Rxd8 9. O-O c6 10. h3 Nbd7 11. Be3 Bf8 12. Rfd1 Re8 13. a3 a5 14. Bg5 h6
15. Be3 Nc5 16. Nd2 a4 17. f3 Nh5 18. Nf1 Nf4 19. Kf2 Nb3 20. Rab1 Be6 21. Bxf4
exf4 22. Nd2 Nd4 23. Bd3 Bc5 24. Kf1 Red8 25. Rbc1 f6 26. Ne2 g5 27. Nxd4 Bxd4
28. Rc2 Bxb2 29. Rxb2 Rxd3 30. Rxb7 Rad8 31. Rb2 Bxc4 32. Nxc4 Rxd1+ 33. Ke2
Rg1 34. Kf2 Rc1 35. Nd2 c5 36. Ke2 c4 37. Nb1 c3 0-1

[Event "Winter TNM"]
[Site "San Francisco"]
[Date "2006.01.31"]
[Round "4"]
[White "Ladyzhensky, Boris"]
[Black "Sanguinetti, George"]
[Result "0-1"]
[WhiteElo "1744"]
[BlackElo "1954"]
[PlyCount "72"]
[EventDate "2006.01.10"]
[EventType "swiss"]
[EventRounds "8"]
[EventCountry "USA"]

1. e4 c5 2. Nf3 d6 3. d4 cxd4 4. Nxd4 Nf6 5. Nc3 g6 6. Be3 Bg7 7. f3 O-O 8. Qd2
Nc6 9. Bc4 h5 10. O-O-O Kh7 11. Nxc6 bxc6 12. e5 Ne8 13. g4 h4 14. Qf2 Bxe5 15.
Qxh4+ Kg8 16. Rd3 Qc7 17. Bh6 d5 18. Nxd5 cxd5 19. Bxd5 Ba6 20. Rb3 Rc8 21. c3
Nf6 22. Be4 Nxe4 23. fxe4 Rfd8 24. Qf2 Rd6 25. h4 Rf6 26. Qd2 Rd8 27. Qg2 Bd3
28. Bd2 Qc5 29. h5 g5 30. Qh3 Rf2 31. Rd1 Be2 32. h6 Rh2 33. h7+ Kh8 34. Qxh2
Bxh2 35. Rh1 Bf4 36. Bxf4 gxf4 0-1

[Event "Winter TNM"]
[Site "San Francisco"]
[Date "2006.01.31"]
[Round "4"]
[White "Livschitz, Jennifer"]
[Black "Rudyak, Felix"]
[Result "0-1"]
[WhiteElo "1315"]
[BlackElo "1933"]
[PlyCount "86"]
[EventDate "2006.01.10"]
[EventType "swiss"]
[EventRounds "8"]
[EventCountry "USA"]

1. e4 d5 2. exd5 Qxd5 3. Nc3 Qa5 4. d4 Nf6 5. Nf3 Bg4 6. Bd2 c6 7. Bc4 e6 8. h3
Bh5 9. g4 Bg6 10. Ne5 Bb4 11. a3 Bxc3 12. Bxc3 Qc7 13. Qe2 Nbd7 14. f4 Be4 15.
Rf1 Bd5 16. Bd3 Ng8 17. O-O-O f6 18. Nxd7 Kxd7 19. f5 Re8 20. Rde1 Nh6 21. Qf2
exf5 22. Bxf5+ Nxf5 23. Qxf5+ Be6 24. Qf3 Qd6 25. Bb4 Qd5 26. Qxd5+ Bxd5 27. h4
b6 28. Kd2 a5 29. Bc3 h5 30. Rg1 Reg8 31. b4 a4 32. Kd3 hxg4 33. Rxg4 f5 34.
Rf4 Be4+ 35. Kd2 g5 36. hxg5 Rxg5 37. Kd1 Rh2 38. Bd2 Rgg2 39. Be3 Rxc2 40. Rg1
Ra2 41. Rg7+ Ke6 42. Rf1 Ra1+ 43. Bc1 Bc2+ 0-1

[Event "Winter TNM"]
[Site "San Francisco"]
[Date "2006.01.31"]
[Round "4"]
[White "Livschitz, Louiza"]
[Black "Chan, John"]
[Result "1-0"]
[WhiteElo "1936"]
[BlackElo "1659"]
[PlyCount "77"]
[EventDate "2006.01.10"]
[EventType "swiss"]
[EventRounds "8"]
[EventCountry "USA"]

1. d4 Nf6 2. c4 c6 3. d5 d6 4. Nc3 c5 5. e4 g6 6. f4 Bg7 7. Nf3 Bg4 8. Be2 Bxf3
9. gxf3 Nbd7 10. Be3 a6 11. Qd2 Qa5 12. a3 Nh5 13. Rg1 Bf6 14. Rb1 Bh4+ 15. Bf2
Bxf2+ 16. Kxf2 Qd8 17. f5 Ndf6 18. f4 Ng7 19. b4 cxb4 20. axb4 Rc8 21. Qd4 O-O
22. fxg6 fxg6 23. c5 Nfh5 24. Bxh5 Nxh5 25. f5 dxc5 26. bxc5 Qc7 27. Ke3 Qf4+
28. Kd3 Qf3+ 29. Kc2 Ng7 30. Rxb7 Rce8 31. d6 Qf4 32. Rxe7 Nxf5 33. Qd5+ Kh8
34. exf5 Qf2+ 35. Kd3 Rxe7 36. dxe7 Re8 37. Qe5+ Kg8 38. Qe6+ Kh8 39. Qf6+ 1-0